Missing Word: 'H' Actor Movies Quiz Stats

 Plays Quiz Updated Oct 6, 2015

Challenge
Share
Tweet
Embed
Score 0/30 Timer 03:00
0 Plays Today
Hint Answer % Correct
Tom HanksForrest
98.9%
Tom HanksVinci
98.8%
Tom HanksRyan
98.7%
Anthony HopkinsSilence
97.1%
Josh HartnettDays
96.3%
Woody HarrelsonBorn
96%
Anne HathawayAlice
95.7%
Anne HathawayPrada
95.1%
Josh HartnettHawk
93.1%
Anne HathawayDark
92.4%
Anne HathawayMisérables
90.5%
Woody HarrelsonHunger
88%
Tom HanksHooch
87.5%
Tom HanksCast
87.4%
Anthony HopkinsJoe
85.4%
Hint Answer % Correct
Gene HackmanFrench
80.3%
Anthony HopkinsZorro
79.6%
Woody HarrelsonFlynt
78.7%
Gene HackmanEnemy
78%
Josh HartnettSin
74.2%
Gene HackmanDead
71.1%
Gene HackmanCrimson
68.2%
Anne HathawayWars
57.3%
Gene HackmanTenenbaums
54.3%
Josh HartnettSlevin
52.2%
Anthony HopkinsRemains
49.8%
Anthony HopkinsThor
45.8%
Josh HartnettNight
43.1%
Woody HarrelsonScanner
29.9%
Woody HarrelsonMoney
26.8%

Today's Daily Dose

You're not logged in!

Compare scores with friends on all Sporcle quizzes.
OR
Log In

You Might Also Like...

Show Comments

Extras

Top Quizzes Today


Score Distribution

Your Account Isn't Verified!

In order to create a playlist on Sporcle, you need to verify the email address you used during registration. Go to your Sporcle Settings to finish the process.

Report this User

Report this user for behavior that violates our Community Guidelines.

Details: